000 01327nam a22003131i 4500
999 _c174441
_d174441
003 OSt
005 20190926170533.0
008 190923s2019 mnuao||jr|||| 001 0 eng d
020 _a9781626178489
_cRM 106.50
_qhardback
040 _aPPAK
_beng
_cPPAK
_erda
082 0 4 _223
_a791.43027
090 0 0 _a791.43027
_bGRE
_dK
100 1 _aGreen, Sara,
_d1964-
_eauthor.
245 0 0 _aMAKEUP /
_cBY SARA GREEN
246 3 _aMovie Magic :
_bMakeup
264 1 _aMinnetonka :
_bBellwether Media,
_c2019.
300 _a32 pages :
_bcolour illustrations, colour photographs ;
_c23 cm
336 _2rdacontent
_atext
337 _2rdamedia
_aunmediated
338 _2rdacarrier
_avolume
490 1 _aMovie magic.Blastoff! discovery
504 _aIncludes bibliographical references and index.
505 _tMakeup marvels!
_tWhat is makeup?
_tHistory of makeup
_tMakeup magic
_tMakeup and CGI
_tGlossary
_tTo learn more
_tIndex
520 _a"Engaging images accompany information about makeup. The combination of high-interest subject matter and narrative text is intended for students in grades 3 through 8".
_cProvided by publisher.
650 1 0 _aFilm makeup
_vJuvenile literature.
800 1 _aGreen, Sara,
_d1964-
_eauthor.
_tMovie magic. Blastoff! discovery
830 0 _aMovie magic.Blastoff! discovery
942 _2ddc
_cB